000 00844nam a2200229Ia 4500
001 1131
003 GE_BSU
008 181216s||||||||xx |||||||||||||| ||und||
040 _cGE_BSU
080 _a630
100 _aმარგველაშვილი, ნ.
245 _aტყეთმოწყობა. ნ.II. ტყის მეურნეობის და ტყეთმოწყობის ორგანიზაცია.
260 _aთბილისი
260 _bცოდნა
260 _c1961
300 _a374 გვ. 21 სმ.
541 _h15 ლ.
653 _aტყეთმოწყობა
653 _aტყის მეურნეობის და ტყეთმოწყობის ორგანიზაცია.
653 _aტყის მოწყობა
942 _cBK
999 _c35282
_d35282